Developing the next generation of quality leaders.

Predseda tohoročného Národného mesiaca akosti v USA rozoberá spôsoby integrácie vedenia k akosti do celého procesu vzdelávania a prípravy k povolaniu, sčasti podľa japonského vzoru. Podiel firmy Procter and Gamble na prepojení školského vzdelávania o akosti s obchodnými aktivitami. Popis programov z...

Ausführliche Beschreibung

Gespeichert in:
Bibliographische Detailangaben
1. Verfasser: Artzt, E.
Format: Buchkapitel
Sprache:Englisch
Schlagworte:
Tags: Tag hinzufügen
Keine Tags, Fügen Sie das erste Tag hinzu!

MARC

LEADER 00000naa a2200000 4500
001 r011243
005 20220913122533.9
041 0 |a eng 
044 |a US 
245 1 0 |a Developing the next generation of quality leaders.  |c E. Artzt 
520 |a Predseda tohoročného Národného mesiaca akosti v USA rozoberá spôsoby integrácie vedenia k akosti do celého procesu vzdelávania a prípravy k povolaniu, sčasti podľa japonského vzoru. Podiel firmy Procter and Gamble na prepojení školského vzdelávania o akosti s obchodnými aktivitami. Popis programov zriadených na tento účel na vysokých školách. Štruktúrne a organizačné zabezpečenie tejto činnosti. 
610 2 0 |a riadenie kvality 
610 2 0 |a vzdelávanie 
610 2 0 |a príprava na povolanie 
610 2 0 |a školy vysoké 
610 2 0 |a USA 
610 2 0 |a kvalita 
610 2 0 |a kontrola kvality 
610 2 0 |a Procter & Gamble 
610 2 0 |a štúdium vysokoškolské 
100 1 |a Artzt, E.